00305nam a2200121Ia 4500008004100000041000800041082001400049100001600063245003800079260003000117300001900147999001700166241015s9999 xx 000 0 und d aeng a658.5 PER aLydia Perry aStrategic Supply Chain Management bWillford PressaUSAc2020 a189;. P. 27 cm c41682d41682